00549nam a2200169Ia 4500008004100000020001500041041001200056082001600068100001500084245004700099260002500146300000800171650001600179942000700195999001300202952016400215221030s9999 xx 000 0 und d a0070434727 aEnglish a105.23bPos aG. V. Post 0aDatabase Management Systemscby G. V. Post bTMHaNew Delhic2000 a508 aBE Computer cBK c524d524 pBE 6830g295.00l0o105.23 Posr2024-06-13 00:00:00w2022-10-30yBK003Print40718RaMIETLIBbMIETLIBcBL-Second, FL-1, CUP-55, SH-2, R-2d2005-06-2610HBE